Normal view
MARC view
- Computer crimes
Entry Topical Term
001 - CONTROL NUMBER
- control field: 4259
003 - CONTROL NUMBER IDENTIFIER
- control field: OSt
005 - DATE AND TIME OF LATEST TRANSACTION
- control field: 20170515105338.0
008 - FIXED-LENGTH DATA ELEMENTS
- fixed length control field: 170515|| aca||aabn | a|a d
040 ## - CATALOGING SOURCE
- Original cataloging agency: OSt
- Transcribing agency: OSt
150 ## - HEADING--TOPICAL TERM
- Topical term or geographic name entry element: Computer crimes
- General subdivision: Investigation
670 ## - SOURCE DATA FOUND
- Source citation: Work cat.: (OSt): Clark, Franklin 4258, Investigating computer crime / , c1996

PORTAL AKMAL
E-MEL JKDM
AKMAL2U
G-BAM
u-PUSTAKA